Placení akreditívem při dovozu a vývozu s termíny anglickými, francouzskými a německými

Na minha lista:
Detalhes bibliográficos
Formato: Livro
Idioma:tcheco
Publicado em: Praha Samcovo kníhkupectví 1948
Tags: Adicionar Tag
Sem tags, seja o primeiro a adicionar uma tag!

MARC

LEADER 00000nam a2200000 4500
001 0267854
005 20240822101710.7
041 0 |a cze 
044 |a CZ 
245 1 0 |a Placení akreditívem při dovozu a vývozu s termíny anglickými, francouzskými a německými  |c Josef Martínek 
264 1 |a Praha  |b Samcovo kníhkupectví  |c 1948